MyGZULibrary

New Testament introduction / (Record no. 479)

MARC details
000 -LEADER
fixed length control field 00979pam a2200277 a 4500
001 - CONTROL NUMBER
control field 1525608
003 - CONTROL NUMBER IDENTIFIER
control field GZU
005 - DATE AND TIME OF LATEST TRANSACTION
control field 20200901121700.0
008 - FIXED-LENGTH DATA ELEMENTS--GENERAL INFORMATION
fixed length control field 900109s1990 ilu b 001 0 eng
010 ## - LIBRARY OF CONGRESS CONTROL NUMBER
LC control number 90030404
020 ## - INTERNATIONAL STANDARD BOOK NUMBER
International Standard Book Number 0830814027
040 ## - CATALOGING SOURCE
Original cataloging agency DLC
Transcribing agency DLC
Modifying agency DLC
050 00 - LIBRARY OF CONGRESS CALL NUMBER
Classification number BS2330.2
Item number .GUT 1990
100 1# - MAIN ENTRY--PERSONAL NAME
Personal name Guthrie, Donald,
Dates associated with a name 1916-1992.
245 10 - TITLE STATEMENT
Title New Testament introduction /
Statement of responsibility, etc. Donald Guthrie.
250 ## - EDITION STATEMENT
Edition statement 4th rev. ed.
260 ## - PUBLICATION, DISTRIBUTION, ETC.
Place of publication, distribution, etc. Downers Grove, Ill. :
Name of publisher, distributor, etc. Inter-Varsity Press,
Date of publication, distribution, etc. 1990.
300 ## - PHYSICAL DESCRIPTION
Extent 1161 p. ;
Dimensions 24 cm.
440 #5 - SERIES STATEMENT/ADDED ENTRY--TITLE
Title [The master reference collection]
500 ## - GENERAL NOTE
General note Series taken from jacket.
504 ## - BIBLIOGRAPHY, ETC. NOTE
Bibliography, etc. note Includes bibliographical references (p. 1046-1123) and indexes.
630 00 - SUBJECT ADDED ENTRY--UNIFORM TITLE
Uniform title Bible.
Name of part/section of a work New Testament
Form subdivision Introductions.
856 42 - ELECTRONIC LOCATION AND ACCESS
Materials specified Contributor biographical information
Uniform Resource Identifier <a href="http://www.loc.gov/catdir/enhancements/fy1007/90030404-b.html">http://www.loc.gov/catdir/enhancements/fy1007/90030404-b.html</a>
906 ## - LOCAL DATA ELEMENT F, LDF (RLIN)
a 7
b cbc
c orignew
d 1
e ocip
f 19
g y-gencatlg
942 ## - ADDED ENTRY ELEMENTS (KOHA)
Source of classification or shelving scheme Library of Congress Classification
Koha item type Books
Edition Rev. ed.
Classification part 2330.2
Item part GUT
Call number prefix BS
Holdings
Withdrawn status Lost status Source of classification or shelving scheme Damaged status Not for loan Collection code Home library Current library Shelving location Date acquired Total Checkouts Full call number Barcode Date last seen Copy number Price effective from Koha item type Date last checked out Inventory number
    Library of Congress Classification     Non-fiction City Campus Library City Campus Library General Stacks 05/12/2015   BS2330.2 GUT 1990 000130 09/01/2020 c. 1 09/01/2020 Books    
    Library of Congress Classification     Non-fiction City Campus Library City Campus Library General Stacks 09/14/2020 1 BS2330.2 GUT 1990 029376 07/06/2022 c. 2 09/14/2020 Books 06/29/2022  
          Non-fiction Mashava Campus Library Mashava Campus Library General Stacks 05/05/2021   BS 2330.3 GUT 1990 029378 05/05/2021 c.3 05/05/2021 Books    
          Non-fiction Mashava Campus Library Mashava Campus Library General Stacks 05/05/2021   BS 2330.3 GUT 1990 029377 05/05/2021 c.4 05/05/2021 Books    
          Non-fiction Mashava Campus Library Mashava Campus Library General Stacks 05/05/2021   BS 2330.2 GUT 1990 G23554 05/05/2021 c.5 05/05/2021 Books   11365